Countries with the Most Helicopter Fleets - Statistics

General Stats
  • This quiz has been taken 32 times
  • The average score is 25 of 30
Answer Stats
Helicopter Fleets Country % Correct
913 China
100%
899 India
100%
1,651 Russia
100%
5,843 United States
100%
596 Japan
96%
266 United Kingdom
96%
191 Brazil
93%
145 Canada
93%
448 France
93%
309 Germany
93%
178 Mexico
93%
807 South Korea
93%
348 Egypt
89%
392 Italy
89%
373 Pakistan
89%
153 Spain
89%
147 Israel
85%
205 North Korea
85%
264 Saudi Arabia
85%
508 Turkey
85%
216 Poland
81%
258 Thailand
81%
257 Colombia
74%
293 Greece
74%
214 Indonesia
70%
299 Algeria
67%
197 Iraq
59%
236 Taiwan
56%
247 United Arab Emirates
52%
155 Jordan
19%
No matching quizzes found
Score Distribution
Percent of People with Each Score
Percentile by Number Answered
Your Score History
You have not taken this quiz